Rancid: Albums by Cover - Statistics

General Stats
  • This quiz has been taken 11 times
  • The average score is 9 of 10
Answer Stats
Picture Hint Answer % Correct
1995 ...And Out Come the Wolves
100%
1994 Let's Go
100%
1993 Rancid
100%
2000 Rancid 2000 | Rancid 5
100%
2003 Indestructible
86%
2009 Let the Dominoes Fall
86%
1998 Life Won't Wait
86%
2014 ...Honor Is All We Know
71%
2017 Trouble Maker
71%
2023 Tomorrow Never Comes
57%
No matching quizzes found
Score Distribution
Percent of People with Each Score
Percentile by Number Answered
Your Score History
You have not taken this quiz